Drystone retaining walls and their modifications (Record no. 110390)

MARC details
000 -LEADER
fixed length control field 00898cam a22002535a 4500
001 - CONTROL NUMBER
control field E149155
008 - FIXED-LENGTH DATA ELEMENTS--GENERAL INFORMATION
fixed length control field 100120s2009 xxk f 000 0 eng d
020 ## - INTERNATIONAL STANDARD BOOK NUMBER
International Standard Book Number 9780860176763
035 ## - SYSTEM CONTROL NUMBER
System control number (Sirsi) u149155
041 0# - LANGUAGE CODE
Language code of text/sound track or separate title eng
050 04 - LIBRARY OF CONGRESS CALL NUMBER
Classification number 693.1 $2 18
100 1# - MAIN ENTRY--PERSONAL NAME
Personal name O'Reilly, Myles
245 00 - TITLE STATEMENT
Title Drystone retaining walls and their modifications
Remainder of title condition appraisal and remedial treatment
260 ## - PUBLICATION, DISTRIBUTION, ETC.
Place of publication, distribution, etc. London
Name of publisher, distributor, etc. CIRIA
Date of publication, distribution, etc. 2009
300 ## - PHYSICAL DESCRIPTION
Extent 146p.
Other physical details ill.
Dimensions 30cm.
490 #0 - SERIES STATEMENT
Series statement CIRIA
Volume/sequential designation C676
520 ## - SUMMARY, ETC.
Summary, etc. Looks at ways of repairing and extending the life of drystone retaining walls, which were used extensively on the transport network until about 90 years ago, and which have been modified at various times over the years.
521 ## - TARGET AUDIENCE NOTE
Target audience note Advanced
590 ## - LOCAL NOTE (RLIN)
Local note KA
651 #4 - SUBJECT ADDED ENTRY--GEOGRAPHIC NAME
Geographic name United Kingdom
Chronological subdivision
690 ## - LOCAL SUBJECT ADDED ENTRY--TOPICAL TERM (OCLC, RLIN)
Topical term or geographic name as entry element BUILT ENVIRONMENT-BUILDING MATERIALS-STONE
700 1# - ADDED ENTRY--PERSONAL NAME
Personal name Perry, John
942 ## - ADDED ENTRY ELEMENTS (KOHA)
Suppress in OPAC 0
Holdings
Withdrawn status Lost status Source of classification or shelving scheme Damaged status Not for loan Home library Current library Shelving location Date acquired Total Checkouts Full call number Barcode Date last seen Copy number Price effective from Koha item type
    Dewey Decimal Classification     London London Folio 20/01/2010   F693.1 ORE 30076557 06/08/2019 1 06/08/2019 Book